Clinical Problem Solving in Periodontology & Implantology / (Record no. 35278)

MARC details
000 -LEADER
fixed length control field 00575nam a22001817a 4500
005 - DATE AND TIME OF LATEST TRANSACTION
control field 20240307145320.0
008 - FIXED-LENGTH DATA ELEMENTS--GENERAL INFORMATION
fixed length control field 240307b |||||||| |||| 00| 0 eng d
020 ## - INTERNATIONAL STANDARD BOOK NUMBER
ISBN 9780702037405
082 ## - DEWEY DECIMAL CLASSIFICATION NUMBER
Classification number 617.632
Item number CLI
245 ## - TITLE STATEMENT
Title Clinical Problem Solving in Periodontology & Implantology /
Statement of responsibility, etc. [Editor] Francis J. Hughes , Shakeel Shahdad , Kevin G.Seymour.
250 ## - EDITION STATEMENT
Edition statement 1st ed.
260 ## - PUBLICATION, DISTRIBUTION, ETC.
Place of Publication China :
Name of publisher, distributor, etc. Elsevier ;
Date of publication, distribution, etc. 2013 .
300 ## - PHYSICAL DESCRIPTION
Pages 186 p. :
500 ## - GENERAL NOTE
General note Include Index.
650 ## - SUBJECT ADDED ENTRY--TOPICAL TERM
Subject / Department Medical / Dentistry
700 ## - ADDED ENTRY--PERSONAL NAME
Personal name Francis J. Hughes [Editor]
300 ## - PHYSICAL DESCRIPTION
-- ill ;
-- 30 cm .
952 ## - LOCATION AND ITEM INFORMATION (KOHA)
-- 0
-- 0
Holdings
Lost status Damaged status Collection code Permanent Location Current Location Shelving Location Date acquired Full Call Number Accession No./Barcode Date last seen item type Koha item type
    Medical Superior Information Resource Center (SIRC) Superior University- Main Campus Superior Information Resource Center (SIRC) Superior University- Main Campus Dentistry 03/07/2024 617.632 CLI 2013 13484 03/07/2024 BOOK BOOK

Powered by Koha